Algorithms in Bioinformatics 6th International Workshop, WABI 2006, Zurich, Switzerland, September 11-13, 2006. Proceedings /

Λεπτομέρειες βιβλιογραφικής εγγραφής
Συγγραφή απο Οργανισμό/Αρχή: SpringerLink (Online service)
Άλλοι συγγραφείς: Bücher, Philipp (Επιμελητής έκδοσης), Moret, Bernard M. E. (Επιμελητής έκδοσης)
Μορφή: Ηλεκτρονική πηγή Ηλ. βιβλίο
Γλώσσα:English
Έκδοση: Berlin, Heidelberg : Springer Berlin Heidelberg, 2006.
Σειρά:Lecture Notes in Computer Science, 4175
Θέματα:
Διαθέσιμο Online:Full Text via HEAL-Link
LEADER 04538nam a22005655i 4500
001 978-3-540-39584-3
003 DE-He213
005 20151204163010.0
007 cr nn 008mamaa
008 100301s2006 gw | s |||| 0|eng d
020 |a 9783540395843  |9 978-3-540-39584-3 
024 7 |a 10.1007/11851561  |2 doi 
040 |d GrThAP 
050 4 |a QA76.6-76.66 
072 7 |a UM  |2 bicssc 
072 7 |a COM051000  |2 bisacsh 
082 0 4 |a 005.11  |2 23 
245 1 0 |a Algorithms in Bioinformatics  |h [electronic resource] :  |b 6th International Workshop, WABI 2006, Zurich, Switzerland, September 11-13, 2006. Proceedings /  |c edited by Philipp Bücher, Bernard M. E. Moret. 
264 1 |a Berlin, Heidelberg :  |b Springer Berlin Heidelberg,  |c 2006. 
300 |a XII, 402 p.  |b online resource. 
336 |a text  |b txt  |2 rdacontent 
337 |a computer  |b c  |2 rdamedia 
338 |a online resource  |b cr  |2 rdacarrier 
347 |a text file  |b PDF  |2 rda 
490 1 |a Lecture Notes in Computer Science,  |x 0302-9743 ;  |v 4175 
505 0 |a Measures of Codon Bias in Yeast, the tRNA Pairing Index and Possible DNA Repair Mechanisms -- Decomposing Metabolomic Isotope Patterns -- A Method to Design Standard HMMs with Desired Length Distribution for Biological Sequence Analysis -- Efficient Model-Based Clustering for LC-MS Data -- A Bayesian Algorithm for Reconstructing Two-Component Signaling Networks -- Linear-Time Haplotype Inference on Pedigrees Without Recombinations -- Phylogenetic Network Inferences Through Efficient Haplotyping -- Beaches of Islands of Tractability: Algorithms for Parsimony and Minimum Perfect Phylogeny Haplotyping Problems -- On the Complexity of SNP Block Partitioning Under the Perfect Phylogeny Model -- How Many Transcripts Does It Take to Reconstruct the Splice Graph? -- Multiple Structure Alignment and Consensus Identification for Proteins -- Procrastination Leads to Efficient Filtration for Local Multiple Alignment -- Controlling Size When Aligning Multiple Genomic Sequences with Duplications -- Reducing Distortion in Phylogenetic Networks -- Imputing Supertrees and Supernetworks from Quartets -- A Unifying View of Genome Rearrangements -- Efficient Sampling of Transpositions and Inverted Transpositions for Bayesian MCMC -- Alignment with Non-overlapping Inversions in O(n 3)-Time -- Accelerating Motif Discovery: Motif Matching on Parallel Hardware -- Segmenting Motifs in Protein-Protein Interface Surfaces -- Protein Side-Chain Placement Through MAP Estimation and Problem-Size Reduction -- On the Complexity of the Crossing Contact Map Pattern Matching Problem -- A Fuzzy Dynamic Programming Approach to Predict RNA Secondary Structure -- Landscape Analysis for Protein-Folding Simulation in the H-P Model -- Rapid ab initio RNA Folding Including Pseudoknots Via Graph Tree Decomposition -- Flux-Based vs. Topology-Based Similarity of Metabolic Genes -- Combinatorial Methods for Disease Association Search and Susceptibility Prediction -- Integer Linear Programs for Discovering Approximate Gene Clusters -- Approximation Algorithms for Bi-clustering Problems -- Improving the Layout of Oligonucleotide Microarrays: Pivot Partitioning -- Accelerating the Computation of Elementary Modes Using Pattern Trees -- A Linear-Time Algorithm for Studying Genetic Variation -- New Constructive Heuristics for DNA Sequencing by Hybridization -- Optimal Probing Patterns for Sequencing by Hybridization -- Gapped Permutation Patterns for Comparative Genomics -- Segmentation with an Isochore Distribution. 
650 0 |a Computer science. 
650 0 |a Computer programming. 
650 0 |a Data structures (Computer science). 
650 0 |a Computers. 
650 0 |a Algorithms. 
650 0 |a Computer science  |x Mathematics. 
650 0 |a Life sciences. 
650 1 4 |a Computer Science. 
650 2 4 |a Programming Techniques. 
650 2 4 |a Life Sciences, general. 
650 2 4 |a Algorithm Analysis and Problem Complexity. 
650 2 4 |a Computation by Abstract Devices. 
650 2 4 |a Data Structures. 
650 2 4 |a Discrete Mathematics in Computer Science. 
700 1 |a Bücher, Philipp.  |e editor. 
700 1 |a Moret, Bernard M. E.  |e editor. 
710 2 |a SpringerLink (Online service) 
773 0 |t Springer eBooks 
776 0 8 |i Printed edition:  |z 9783540395836 
830 0 |a Lecture Notes in Computer Science,  |x 0302-9743 ;  |v 4175 
856 4 0 |u http://dx.doi.org/10.1007/11851561  |z Full Text via HEAL-Link 
912 |a ZDB-2-SCS 
912 |a ZDB-2-LNC 
950 |a Computer Science (Springer-11645)